000 00539nam a2200181Ia 4500
008 240729s9999 xx 000 0 und d
022 _a2471-254X
245 0 _aHepatology Communications
260 _aUnited States
260 _bWolters Kluwer Health/LWW
650 _a Diseases of the digestive system. Gastroenterology
650 _a Internal medicine
650 _a Specialties of internal medicine
650 _aMedicine
856 _uhttps://doaj.org/toc/393a0802195a4674af0dc2d4e8f2f671
942 _2ddc
942 _cDOAJEJ
999 _c68294
_d68294
945 _a1
_bMadushi Gamage
_c1
_dMadushi Gamage